Statistics for Countries By Their Former Name #5

Click here to take the quiz!

General Stats

  • This quiz has been taken 70 times
  • The average score is 10 of 16

Answer Stats

Former NamePresent Day Name% Correct
Somali Democratic RepublicSomalia
94%
Sultanate of Muscat and OmanOman
92%
AbyssiniaEthiopia
91%
Viceroyalty of the Río de la PlataArgentina
86%
NicaraoNicaragua
85%
Gold CoastGhana
80%
NubiaSudan
80%
Spanish HondurasHonduras
79%
East African ProtectorateKenya
76%
DahomeyBenin
61%
JudeaPalestine
59%
The Trucial StatesUnited Arab Emirates
44%
SvithiodSweden
38%
IfrīqiyyahTunisia
35%
SakartveloGeorgia
32%
LouanalaoSaint Lucia
6%

Score Distribution

Percentile by Number Answered

Percent of People with Each Score

Your Score History

You have not taken this quiz